Statistics for 10 Best-Selling Hip Hop Artists of the 90's

Click here to take the quiz!

General Stats

  • This quiz has been taken 871 times
  • The average score is 6 of 10

Answer Stats

Hint Answer % Correct
Fresh Prince Of Bel AirWill Smith
90%
The ChronicDr Dre
90%
All Eyez On Me2pac
87%
Ready 2 DieNotorious BIG
75%
Bad Boy RecordsPuff Daddy
63%
Reasonable DoubtJay Z
62%
It's Dark and Hell is HotDMX
40%
The ScoreThe Fugees
34%
Ill CommunicationBeastie Boys
31%
E 1999 EternalBone Thugs N Harmony
23%

Score Distribution

Percentile by Number Answered

Percent of People with Each Score

Your Score History

You have not taken this quiz